Personnage historique n°1 - Statistiques

Statistiques générales
  • Ce quiz a été pris 645 fois
  • Le résultat moyen est 10 sur 15
Statistiques - réponses
Par images Réponse % Correct
A. Einstein
98%
D. Trump
89%
Gandhi
89%
B. Obama
88%
J. F. Kennedy
88%
Marie Antoinette
82%
A. Hitler
70%
Jeanne d'Arc
67%
J. César
65%
F. Castro
56%
Elizabeth II
52%
Louis XIV
42%
Napoléon Ier
32%
W. Shakespeare
27%
F. D. Roosevelt
16%
Aucun quiz correspondant
Distribution des résultats
% des personnes avec chaque résultat
Percentile par nombre de réponses
Votre historique - résultats
Vous n’avez pas pris ce quiz